| 000 -LEADER |
| fixed length control field |
01239nam a2200253Ia 4500 |
| 001 - CONTROL NUMBER |
| control field |
16115 |
| 003 - CONTROL NUMBER IDENTIFIER |
| control field |
GE_BSU |
| 008 - FIXED-LENGTH DATA ELEMENTS--GENERAL INFORMATION |
| fixed length control field |
181216s||||||||xx |||||||||||||| ||und|| |
| 040 ## - CATALOGING SOURCE |
| Transcribing agency |
GE_BSU |
| 080 ## - UNIVERSAL DECIMAL CLASSIFICATION NUMBER |
| Universal Decimal Classification number |
577.1(075.8) |
| 245 ## - TITLE STATEMENT |
| Title |
ბიოქიმია კლინიკური კორელაციებით |
| 245 ## - TITLE STATEMENT |
| Remainder of title |
სახელმძღვ |
| 245 ## - TITLE STATEMENT |
| Statement of responsibility, etc. |
რედ. თომას მ. დევლინი ; [პროექტის ხელმძღვ. ნანა სებისკვერაძე ; მთარგმნ.: მაია ბერიძე [და სხვ.] ; რედ.: გულიკო მარგველანი [და სხვ.]] |
| 250 ## - EDITION STATEMENT |
| Edition statement |
მე-6 გამოც |
| 260 ## - PUBLICATION, DISTRIBUTION, ETC. |
| Place of publication, distribution, etc. |
თბილისი |
| 260 ## - PUBLICATION, DISTRIBUTION, ETC. |
| Name of publisher, distributor, etc. |
თბილ. სახელმწ. სამედ. უნ-ტი |
| 260 ## - PUBLICATION, DISTRIBUTION, ETC. |
| Date of publication, distribution, etc. |
2008 |
| 300 ## - PHYSICAL DESCRIPTION |
| Extent |
1208გვ. : სურ. ; 30სმ |
| 300 ## - PHYSICAL DESCRIPTION |
| Accompanying material |
დანართი: გვ. 1121-1132. - ტერმინების განმარტება: გვ. 1133-1156. |
| 653 ## - INDEX TERM--UNCONTROLLED |
| Uncontrolled term |
ბიოქიმია კლინიკური კორელაციებით |
| 653 ## - INDEX TERM--UNCONTROLLED |
| Uncontrolled term |
ქიმია |
| 942 ## - ADDED ENTRY ELEMENTS (KOHA) |
| Koha item type |
წიგნი |